Engineering thermodynamics (Record no. 4369)

000 -LEADER
fixed length control field 00584nam a22002177a 4500
001 - CONTROL NUMBER
control field 4369
003 - CONTROL NUMBER IDENTIFIER
control field BD-DhUET
008 - FIXED-LENGTH DATA ELEMENTS--GENERAL INFORMATION
fixed length control field 141115b xxu||||| |||| 00| 0 eng d
020 ## - INTERNATIONAL STANDARD BOOK NUMBER
International Standard Book Number 0582407265
040 ## - CATALOGING SOURCE
Original cataloging agency DLC
Language of cataloging DLC
Transcribing agency 0
Modifying agency BD-DhUET
082 ## - DEWEY DECIMAL CLASSIFICATION NUMBER
Item number ROG/1980
Classification number 621.01
100 ## - MAIN ENTRY--PERSONAL NAME
Personal name Rogers, G.F.C.
245 ## - TITLE STATEMENT
Title Engineering thermodynamics
Remainder of title work and heat transfer
250 ## - EDITION STATEMENT
Edition statement 3rd ed.
260 ## - PUBLICATION, DISTRIBUTION, ETC. (IMPRINT)
Place of publication, distribution, etc. Essex
Name of publisher, distributor, etc. English Language Books Society
Date of publication, distribution, etc. 1980
300 ## - PHYSICAL DESCRIPTION
Extent xvi,667p.
504 ## - BIBLIOGRAPHY, ETC. NOTE
Bibliography, etc Includes bibliographies
650 #0 - SUBJECT ADDED ENTRY--TOPICAL TERM
Topical term or geographic name as entry element Thermodynamics-Engineering
700 ## - ADDED ENTRY--PERSONAL NAME
Personal name Mayhew, Y. R.
942 ## - ADDED ENTRY ELEMENTS (KOHA)
Koha item type General Book
Holdings
Koha issues (times borrowed) Koha item type Koha full call number Damaged status Shelving location Koha normalized classification for sorting Not for loan Sublocation or collection (holding branch) Withdrawn status Koha date last seen Copy number Price effective from Source of classification or shelving scheme Lost status Location (home branch) Piece designation (barcode) Date acquired Koha date last borrowed
1General Book621.01/ROG/1980 Circulation section621_010000000000000_ROG_1980 Central Library, BUET 2018-09-1512014-11-15  Central Library, BUET685842014-11-152018-04-21
 General Book621.01/ROG/1980 Circulation section621_010000000000000_ROG_1980 Central Library, BUET 2014-11-2922014-11-29  Central Library, BUET679072014-11-29 
 General Book621.01/ROG/1980 Circulation section621_010000000000000_ROG_1980 Central Library, BUET 2015-01-2132015-01-21  Central Library, BUET679062015-01-21 
1General Book621.01/ROG/1980 Circulation section621_010000000000000_ROG_1980 Central Library, BUET 2018-10-1442015-04-18  Central Library, BUET685832015-04-182018-09-15
 General Book621.01/ROG/1980 Circulation section621_010000000000000_ROG_1980 Central Library, BUET 2015-04-1852015-04-18  Central Library, BUET679052015-04-18